01245nab a22002417a 4500999001500000003000400015005001700019008004100036040000700077100004000084245011000124260007200234300001300306500003900319505027800358505008900636650002600725650003000751650003200781650003800813773013900851942001300990 c5952d5952OSt20260114125614.0190605e xxu||||| |||| 00| 0 spa d cPJ 96795aUnzaga Domíngue, Guillermo 13aEl principio de gratuidad como guardián de la tutela judicial efectiva /cGuillermo Unzaga Domínguez. aCiudad Autónoma de Buenos Aires :bThomson Reuters La Ley,c2024. ap. 28-35 aCita: TR LALEY AR/DOC/1442/2024.  aSumario: I. Recepción normativa del principio de gratuidad.— II. Fundamentación.— III. La gratuidad en el intercambio telegráfico.— IV. El beneficio de gratuidad.— V. El beneficio de litigar sin gastos.— VI. La imposición de costas.— VII. Conclusiones.  t¿Te interesa el texto completo? Solicitalo al correo: koha@justierradelfuego.gov.ar 091316aDERECHO LABORAL 091323aCONTRATO DE TRABAJO 091514aPROCEDIMIENTO LABORAL 096796aGRATUIDAD DEL PROCEDIMIENTO0 0271193168dCiudad Autónoma de Buenos Aires : Thomson Reuters La Ley, 1999-2002.tRevista de derecho del trabajo. Nº 4 - Julio 2024 2udccANA